LEADER 00561nas a2200169 i 4500 001 000000129981 003 CaOOAMICUS 005 20190920164949.0 008 041013k19261959it zr p u0 a0ita r 013 $a102714 040 $aSeMil$bita 245 00$a[1926-1959]. 773 0 $tMemorie Domenicane.$dFirenze : Nerbini, 2005-     .$x1121-9343$g[Anno 43.-Anno 76.]$w()2464 850 $aSeMil 852 $aSeMil$W1$xVenegono$y1$m27 3 1-31$j84064$B84064$CSeMilBibl$Z2$F87551 $82 996 $6245$a[1926-1959]$9(OLS)http://semarc/title/425803 LEADER 00690nam a2200205 i 4500 001 000000230573 003 CaOOAMICUS 005 20220520120013.0 008 140612s2009 it u000 u ita u 013 $a209475 040 $aSeMil$bita 245 14$aGli dei. 300 $aLXXIV, 1525 p. 500 $aIn custodia. 773 0 $tMito greco.$dMilano : Mondadori, 2009-2012.$kMeridiani. Classici dello spirito$z978-88-04-60483-9$z978-88-04-58347-9$g1$w()30059 850 $aSeMil 852 $aSeMil$W1$xVenegono$y1$m1X II 153$j180919$B180919$CSeMilBibl$Z2$F192057 $81 961 $aAcquisto: Einaudi (Agente) 996 $6245$aGli dei$9(OLS)http://semarc/title/210521